| 000 | 005530000a22001810004500 | ||
|---|---|---|---|
| 003 | MACL | ||
| 005 | 20160313160021.0 | ||
| 008 | 160313b xxu||||| |||| 00| 0 eng d | ||
| 040 |
_aMACL _cMACL |
||
| 041 | _aHindi | ||
| 082 | _a891.433 | ||
| 100 |
_aचन्दर प्रतापचन्द्र _945595 |
||
| 245 | _aओझा परेश पात्र की ओझाई | ||
| 260 |
_bराधाकृष्ण _c1978 _aनई दिल्ली |
||
| 350 | _a11 | ||
| 650 |
_aNovel _945898 |
||
| 942 |
_cHIN _k891.433 _2ddc |
||
| 999 |
_c27212 _d27212 |
||